000 00983nam a22002657a 4500
999 _c22212
_d22212
003 AR-CdUCM
008 190425b ||||| |||| 00| 0 spa d
040 _aMUNICIPALIDAD PROVINCIAL DEL CUSCO
_cBIBLIOTECA MUNICIPAL DEL CUSCO
082 _aChillico/N°30/2010
245 _aCh´illico :
_bhumor caricatura historia y arte /
_cCésar Aguilar Peña, Director
260 _aLima.
_bCh´illico,
_bSánchez
_c2010.
300 _a30 páginas. :
_bilustraciones ;
_c30 cm.
440 _aCh´illico.
_nN°30, noviembre-diciembre 2010.
_947655
505 _aContenido: ¡Veneno para rata!. -- ¿Para que sirve el festín electoral? -- Colectivo El muro.
650 _aHumor
_92515
650 _aCaricatura
_926790
650 _aHistorieta
_931942
650 _aCómic
_934241
650 _aPolítica peruana
_91676
700 _aAguilar Peña, César
_94585
700 _aVivanco Luna, César A
_947649
700 _aHurtado Trujillo, Hernán
_947651
942 _2ddc
_cPP
945 _arac